000 00232nam a2200109Ia 4500
008 190216s9999||||xx |||||||||||||| ||und||
100 _aArora M N
245 0 _aCost Accounting
260 _bNull
_c2000
300 _a1814p
942 _cBK
999 _c6011
_d6011